[Event "I American Continental"]
[Site "Cali COL"]
[Date "2001.08.13"]
[Round "4"]
[White "Ricardi,P"]
[Black "Abreu,A"]
[Result "1/2-1/2"]
[WhiteElo "2545"]
[BlackElo "2488"]

1.e4 c5 2.Nf3 d6 3.Bb5+ Bd7 4.Bxd7+ Qxd7 5.O-O Nc6 6.c3 Nf6 7.d4 Nxe4 8.d5 Ne5
9.Nxe5 dxe5 10.Re1 Nd6 11.Rxe5 g6 12.Re1 Bg7 13.Bg5 Nf5 14.Na3 Rd8 15.Qe2 h6
16.Bf4 O-O 17.Rad1 Qa4 18.Qc4 Qxc4 19.Nxc4 Rd7 20.Rd2 Rfd8 21.Red1 g5 22.Be3 b6
23.a4 Nd6 24.Nxd6 exd6 25.f3 Re8 26.Bf2 Rde7 27.Bg3 Be5 28.Bxe5 Rxe5 29.Kf2 Kg7  1/2-1/2

[Event "I American Continental"]
[Site "Cali COL"]
[Date "2001.08.13"]
[Round "4"]
[White "Estrada Nieto,J"]
[Black "Arencibia,W"]
[Result "1-0"]
[WhiteElo "2348"]
[BlackElo "2548"]

1.e4 c5 2.Nf3 d6 3.Bb5+ Nd7 4.d4 Nf6 5.Nc3 cxd4 6.Qxd4 e5 7.Qd3 h6 8.Nd2 Be7
9.Nc4 O-O 10.Bxd7 Qxd7 11.Ne3 Qc6 12.g4 Be6 13.Nf5 Bxf5 14.gxf5 Qa6 15.Qh3 Kh7
16.Rg1 Rg8 17.Bg5 Rac8 18.Bxf6 Bxf6 19.O-O-O Qc4 20.Qd3 Qc5 21.Rg2 Bh4 22.Qxd6 Bxf2
23.Qxc5 Bxc5 24.Rd7 Rgf8 25.Rxb7 Rb8 26.Rxb8 Rxb8 27.Nd5 h5 28.c3 a5 29.Kc2 Kh6
30.Kd3 g5 31.fxg6 fxg6 32.Kc4 Ba7 33.Ne7 Rb6 34.Kd5 Bb8 35.Nc6 Bc7 36.b4 g5
37.a4 g4 38.b5 Kg5 39.c4 h4 40.c5  1-0

[Event "ch-FRA Low Pool"]
[Site "Marsailles FRA"]
[Date "2001.08.13"]
[Round "10"]
[White "Koch,JR"]
[Black "Fressinet,L"]
[Result "0-1"]
[WhiteElo "2518"]
[BlackElo "2606"]

1.e4 c5 2.Nf3 d6 3.Bb5+ Bd7 4.Bxd7+ Qxd7 5.c4 Nf6 6.Nc3 Nc6 7.d4 cxd4 8.Nxd4 g6
9.f3 Bg7 10.Be3 O-O 11.O-O Rfc8 12.b3 a6 13.Qd3 Qd8 14.Nxc6 bxc6 15.c5 d5
16.e5 Nd7 17.f4 e6 18.Bd4 f6 19.exf6 Bxf6 20.Rae1 Qe7 21.Na4 Rf8 22.g3 a5
23.Rf2 Rae8 24.Rfe2 Qg7 25.Bxf6 Qxf6 26.Qc2 e5 27.Nb6 Nxb6 28.cxb6 e4 29.Qc5 Rb8
30.Rd1 Rfe8 31.Qxa5 Qd8 32.Qc5 Qxb6 33.Qxb6 Rxb6 34.Kf2 Kf7 35.Ke3 Ke6 36.Rc2 Kd6
37.Rdc1 Rc8 38.Rc5 Ra6 39.R5c2 c5 40.g4 Ra7 41.f5 gxf5 42.gxf5 Rf7 43.b4 c4
44.Kd4 Rxf5 45.b5 Ra8 46.Rc3 Rxa2 47.b6 Rd2+ 48.Ke3 Rxh2 49.Kd4 Rd2+ 50.Ke3 Rb2
51.Kd4 Rff2 52.Rh3 Rfd2+ 53.Kc3 Kc5 54.Rh5 Rg2  0-1

[Event "It"]
[Site "Nikolaev UKR"]
[Date "2001.08.13"]
[Round "13"]
[White "Itkis,B"]
[Black "Bondarchuk,S"]
[Result "1-0"]
[WhiteElo "2455"]
[BlackElo "2354"]

1.Nf3 c5 2.e4 d6 3.Bb5+ Bd7 4.Bxd7+ Qxd7 5.c4 Nc6 6.Nc3 g6 7.d4 cxd4 8.Nxd4 Nf6
9.O-O Bg7 10.Nc2 O-O 11.Rb1 a6 12.a4 Rfc8 13.Qe2 b6 14.b3 Qb7 15.Rd1 Na7
16.Nd4 Nc6 17.Nxc6 Qxc6 18.Bg5 Qb7 19.f3 h6 20.Be3 Kh7 21.Bd4 Ne8 22.Qf2 Rab8
23.Re1 Nc7 24.Bxg7 Kxg7 25.f4 b5 26.e5 Qb6 27.Qxb6 Rxb6 28.exd6 exd6 29.Re4 bxc4
30.Rxc4 Rbb8 31.b4 Ne8 32.Rxc8 Rxc8 33.Nd5 Nf6 34.Nb6 Rc6 35.a5 Ne4 36.Nd5 Nc3
37.Nxc3 Rxc3 38.Rd1 Rc4 39.f5 Rc6 40.fxg6 fxg6 41.Kf2 Kf6 42.Ke3 Ke5 43.Kd3 d5
44.Re1+ Kd6 45.Re8 h5 46.Rd8+ Ke5 47.Ra8 Kd6 48.h4 Ke5 49.g3 Kf5 50.Rb8 Rc4
51.Rb6 g5 52.hxg5 Kxg5 53.b5 axb5 54.Rxb5 Kg4 55.Rxd5 Ra4 56.Rd4+  1-0

[Event "Lost Boys Open"]
[Site "Amsterdam NED"]
[Date "2001.08.14"]
[Round "5"]
[White "Roobol,M"]
[Black "Van Blitterswijk,S"]
[Result "1/2-1/2"]
[WhiteElo "2261"]
[BlackElo "2380"]

1.e4 c5 2.Nf3 d6 3.Bb5+ Nd7 4.d4 Nf6 5.Nc3 a6 6.Bxd7+ Nxd7 7.O-O cxd4 8.Qxd4 e6
9.Bg5 f6 10.Bh4 Be7 11.Qc4 Kf7 12.a4 Qb6 13.Bg3 Ne5 14.Nxe5+ dxe5 15.Rfd1 Qc5
16.Qxc5 Bxc5 17.a5 b5 18.axb6 Bxb6 19.Na4 Ba7 20.Kf1 a5 21.Ke1 Ke7  1/2-1/2

[Event "Asian Championships"]
[Site "Calcutta IND"]
[Date "2001.08.14"]
[Round "8"]
[White "Egin,V"]
[Black "Kostenko,P"]
[Result "0-1"]
[WhiteElo "2451"]
[BlackElo "2494"]

1.e4 c5 2.Nf3 d6 3.Bb5+ Nd7 4.d4 Nf6 5.Nc3 a6 6.Bxd7+ Nxd7 7.O-O e6 8.Bg5 Qb6
9.Re1 cxd4 10.Nd5 exd5 11.exd5+ Ne5 12.Nxe5 dxe5 13.Rxe5+ Kd7 14.Qe2 f6 15.Re6 Qb5
16.Qh5 fxg5 17.a4 g6 18.Qf3 Qc5 19.Qf7+ Be7 20.Rae1 Kc7 21.Rxe7+ Kb8 22.c3 Rd8
23.cxd4 Qxd5 24.Qxh7 Bd7 25.Qxg6 Bc6 26.R7e4 Ka7 27.Rg4 Rg8 28.Qc2 Bd7 29.Re5 Rac8
30.Qd2 Qc4 31.Rge4 Bxa4 32.Re1 g4 33.d5 Bb5 34.d6 Rcd8 35.Rd5 Rge8 36.Rc1 Qe2
37.Qb4 Ka8  0-1

[Event "I American Continental"]
[Site "Cali COL"]
[Date "2001.08.14"]
[Round "5"]
[White "Morovic Fernandez,I"]
[Black "Clavijo,J"]
[Result "1/2-1/2"]
[WhiteElo "2565"]
[BlackElo "2375"]

1.e4 c5 2.Nf3 d6 3.Bb5+ Bd7 4.Bxd7+ Nxd7 5.O-O Ngf6 6.Qe2 g6 7.c3 Bg7 8.d4 e6
9.e5 dxe5 10.dxe5 Nd5 11.c4 Ne7 12.Nc3 Qb8 13.Re1 Nc6 14.Bf4 h6 15.Rad1 g5
16.Bg3 g4 17.Ne4 gxf3 18.Qxf3 Ndxe5 19.Nf6+ Ke7 20.Rd7+ Nxd7 21.Nd5+ Kf8
22.Bxb8 Rxb8 23.Rxe6 Nd4 24.Qf4 Nxe6 25.Qd6+ Kg8 26.Ne7+ Kf8 27.Nd5+ Kg8
28.Ne7+ Kf8 29.Nd5+ Kg8 30.Ne7+ Kf8  1/2-1/2

[Event "Asian Championships"]
[Site "Calcutta IND"]
[Date "2001.08.15"]
[Round "9"]
[White "Sadvakasov,D"]
[Black "Nolte,R"]
[Result "1/2-1/2"]
[WhiteElo "2568"]
[BlackElo "2324"]

1.e4 c5 2.Nf3 d6 3.Bb5+ Bd7 4.Bxd7+ Qxd7 5.c4 Nc6 6.Nc3 e6 7.d4 cxd4 8.Nxd4 Nf6
9.O-O Be7 10.Nc2 O-O 11.Qe2 Rac8 12.b3 a6 13.Rd1 Qc7 14.Bf4 Ne5 15.a4 Nfd7
16.Rab1 Rfd8 17.Be3 Bf6 18.Nd4 Nc6 19.Qd2 Nxd4 20.Bxd4 h6 21.Ne2 Bxd4 22.Nxd4 Nf6
23.f3 d5 24.cxd5 exd5 25.Rbc1 Qe5 26.Qa5 Kh7 27.Rxc8 Rxc8 28.exd5 Nxd5 29.Qd2 Nf4
30.g3 Qxd4+ 31.Qxd4 Ne2+ 32.Kf2 Nxd4 33.Rxd4 Rc2+ 34.Ke3 Rxh2 35.Rb4 b5 36.axb5 axb5
37.Rxb5 g5 38.g4 Kg6 39.Rb8 h5 40.gxh5+ Rxh5  1/2-1/2

[Event "I American Continental"]
[Site "Cali COL"]
[Date "2001.08.15"]
[Round "6"]
[White "Morovic Fernandez,I"]
[Black "Cabrera,A"]
[Result "1/2-1/2"]
[WhiteElo "2565"]
[BlackElo "2415"]

1.e4 c5 2.Nf3 d6 3.Bb5+ Bd7 4.Bxd7+ Qxd7 5.c4 Nc6 6.Nc3 Nf6 7.d4 cxd4 8.Nxd4 g6
9.f3 Bg7 10.Be3 O-O 11.O-O a6 12.a4 e6 13.Rc1 Rfd8 14.Nde2 Qe7 15.Bb6 Rdc8
16.b3 Nd7 17.Bf2 Nb4 18.Qd2 Nc5 19.Rb1 Ncd3 20.Na2 d5 21.Nxb4 Nxb4 22.exd5 exd5
23.c5 a5 24.Rfe1 Qc7 25.Rbc1 Re8 26.Nd4 Rxe1+ 27.Bxe1 Be5 28.g3 Rd8 29.Bf2 Re8
30.Re1 Qd7 31.Nb5 Bf6 32.Rxe8+ Qxe8 33.Nd6 Qe7 34.Kg2 Be5 35.Nb5 h5 36.h4 Qe6
37.Nd4 Bxd4 38.Bxd4 Nc6 39.Bc3 Qe7 40.Qxd5 Qe2+ 41.Kh3 Qf1+ 42.Kh2 Qf2+ 43.Kh3  1/2-1/2

[Event "ch-FRA Gp A"]
[Site "Marsailles FRA"]
[Date "2001.08.15"]
[Round "3"]
[White "Belkhodja,S"]
[Black "Sokolov,And"]
[Result "1/2-1/2"]
[WhiteElo "2531"]
[BlackElo "2604"]

1.e4 c5 2.Nf3 d6 3.Bb5+ Bd7 4.Bxd7+ Qxd7 5.O-O Nf6 6.Re1 Nc6 7.d4 cxd4 8.Nxd4 e6
9.c4 Be7 10.b3 O-O 11.Bb2 Rfd8 12.Nd2 a6 13.Qe2 Nxd4 14.Bxd4 b5 15.a4 bxa4
16.Rxa4 Qb7 17.Rea1 Nd7 18.b4 Bf6 19.Bxf6 Nxf6 20.h3 h6 21.R1a2 Nd7 22.Nb3 Rac8
23.Na5 Qb6 24.Kh2 Qc7 25.g3 Nb6 26.R4a3 Nxc4 27.Rc3 d5 28.exd5 exd5 29.Nxc4 dxc4
30.Rxa6 Qb7 31.Ra4 Rd4 32.b5 Qxb5 33.Ra7 Qd5 34.Qf3 Rd2 35.Kg2 g6 36.Ra4 Qd4
37.Re3 Qd5 38.Rc3 Qd4 39.Re3 Qc5 40.Rc3 Rd4 41.Qb7 Rcd8 42.Rf3 R4d7 43.Qb4 Qxb4
44.Rxb4 Rc7 45.Rc3 Rd4 46.Kf3 f5 47.Rc2 Kf7 48.Rb6 h5 49.h4 Re4 50.Rc3 Re6
51.Rb1 Kf6 52.Rd1 Rb6 53.Kf4 Rb3 54.Rxb3 cxb3 55.Rd6+ Kf7 56.Rb6 Rc3 57.Kg5 Rf3
58.Rxg6 Rxf2 59.Rf6+ Ke7 60.Rb6 Rf3 61.Kg6 Kd7 62.Kxh5 Rxg3 63.Rb4 Kd6 64.Kh6 Rf3
65.Kg5 Kc5 66.Rb8 Kc4 67.h5 Rh3 68.h6 f4 69.Rc8+ Kd5 70.Rd8+ Kc4 71.Rc8+ Kd3
72.Rd8+ Kc2 73.Rc8+ Kb1 74.Kg6 Rg3+ 75.Kh5 Rh3+ 76.Kg6 f3 77.h7 Rxh7 78.Kxh7 b2
79.Kh6 Ka2 80.Ra8+ Kb3 81.Rb8+ Kc2 82.Rc8+ Kd3 83.Rd8+ Ke3 84.Re8+ Kf4 85.Rf8+ Kg4
86.Rg8+ Kh4 87.Rg1 f2 88.Rb1 Kg4 89.Kg6 Kf4 90.Kh5 Ke3 91.Kg4 Kd3 92.Kf3 Kd4  1/2-1/2

[Event "7th Stage Russian Cup"]
[Site "Togliatty RUS"]
[Date "2001.08.15"]
[Round "8"]
[White "Yandemirov,V"]
[Black "Kurnosov,I"]
[Result "1/2-1/2"]
[WhiteElo "2486"]
[BlackElo "2361"]

1.e4 c5 2.Nf3 d6 3.Bb5+ Nd7 4.d4 Nf6 5.Nc3 cxd4 6.Qxd4 e5 7.Qd3 h6 8.Be3 Be7
9.O-O O-O 10.Bc4 a6 11.a4 Qc7 12.Nd2 Rb8 13.Ba7 Ra8 14.Be3 Rb8  1/2-1/2

[Event "I American Continental"]
[Site "Cali COL"]
[Date "2001.08.16"]
[Round "7"]
[White "Barrientos,S"]
[Black "Clavijo,J"]
[Result "0-1"]
[WhiteElo "2163"]
[BlackElo "2375"]

1.e4 c5 2.Nf3 d6 3.Bb5+ Bd7 4.Bxd7+ Nxd7 5.O-O Ngf6 6.Re1 e6 7.c3 Be7 8.d4 cxd4
9.cxd4 d5 10.e5 Ne4 11.Nbd2 Nxd2 12.Bxd2 O-O 13.Rc1 Qb6 14.Qa4 Nb8 15.a3 Nc6
16.Re3 a6 17.Rb3 Qa7 18.Rbc3 Bd8 19.R3c2 b5 20.Qb3 Nxd4 21.Qd3 Nxc2 22.Rxc2 Be7
23.Qc3 Qd7 24.Qc7 Qxc7 25.Rxc7 Rfe8 26.Bc3 a5 27.Kf1 b4 28.axb4 Bxb4 29.Bd4 Rec8
30.Rd7 h6 31.g4 Rc4 32.b3 Rc1+ 33.Kg2 Rac8 34.g5 hxg5 35.Nxg5 R1c7  0-1

[Event "7th Stage Russian Cup"]
[Site "Togliatty RUS"]
[Date "2001.08.16"]
[Round "9"]
[White "Mikheev,S"]
[Black "Arbakov,V"]
[Result "1-0"]
[WhiteElo "2310"]
[BlackElo "2454"]

1.e4 c5 2.Nf3 d6 3.Bb5+ Nd7 4.d4 a6 5.Bxd7+ Bxd7 6.Nc3 cxd4 7.Qxd4 Nf6 8.Bg5 Rc8
9.O-O-O e5 10.Qd3 Rxc3 11.bxc3 h6 12.Bxf6 Qxf6 13.c4 Be6 14.Kd2 Qe7 15.Ke2 Qc7
16.Nd2 Be7 17.Rb1 O-O 18.Rb2 b6 19.Rhb1 Rb8 20.c5 dxc5 21.Qxa6 Bd8 22.a4 c4
23.c3 Bg5 24.Nf3 Qd6 25.Rd1 Qa3 26.Rxb6 Rxb6 27.Qxb6 Qxc3 28.Nxg5 hxg5 29.Qe3 Qc2+
30.Rd2 Qxa4 31.Qxg5 f6 32.Qe3 c3 33.Rd8+ Kh7 34.Qxc3 Qxe4+ 35.Kd2 Qxg2 36.Qd3+ f5
37.Qg3 Qe4 38.Qg5 Qb4+ 39.Kc1 Qe1+ 40.Rd1 Qc3+ 41.Kb1 Qb4+ 42.Kc1 Qc5+ 43.Kb1 Kg8
44.Rd8+ Kf7 45.Qh5+ Kf6 46.Qh4+ Kg6 47.Rd1 Qb6+ 48.Kc1 Kf7 49.Qh5+ Kf8 50.Qh8+ Bg8
51.Qh4 Qc5+ 52.Kb1 Ba2+ 53.Kb2 Be6 54.Qh8+ Kf7 55.Qh5+ Kf6 56.Qh4+ Kg6 57.Rg1+ Kf7
58.Qh5+ Ke7 59.Rxg7+ Kd6 60.Qd1+ Bd5 61.Qd2 f4 62.Rb7 Ke6 63.Rb8 Qc4 64.h4 Qa2+
65.Kc1 Qa1+ 66.Rb1 Qa4 67.Rb2 Be4 68.Qb4 Qa1+ 69.Kd2 Qf1 70.Qxe4 Qxf2+ 71.Kc3  1-0

[Event "TCh-ESP Div 2"]
[Site "Vila Real ESP"]
[Date "2001.08.16"]
[Round "4"]
[White "De Leon Justo,A"]
[Black "Mendoza,L"]
[Result "0-1"]
[WhiteElo "2054"]
[BlackElo "2290"]

1.e4 c5 2.Nf3 d6 3.Bb5+ Bd7 4.Bxd7+ Qxd7 5.O-O Nc6 6.c3 Nf6 7.Re1 e6 8.d4 cxd4
9.cxd4 d5 10.exd5 Nxd5 11.Nc3 Be7 12.Qb3 Na5 13.Qa4 Qxa4 14.Nxa4 Rc8 15.Bd2 Nc4
16.Rac1 O-O 17.Nc3 Nb4 18.Rb1 Nxd2 19.Nxd2 Nc2 20.Re4 Bf6 21.Nf3 Rfd8 22.Rd1 Rc4
23.d5 Rxe4 24.Nxe4 Bxb2 25.d6 Ba3 26.Rd2 f5 27.Neg5 Rxd6 28.Rxd6 Bxd6 29.Nxe6 Nb4
30.a4 Nc6 31.Kf1 h6 32.Ke2 Kf7 33.Ned4 Nxd4+ 34.Nxd4 Kf6 35.h3 Be5 36.Nb3 Ke6
37.Nc5+ Kd5 38.Nxb7 Bc7  0-1

[Event "I American Continental"]
[Site "Cali COL"]
[Date "2001.08.17"]
[Round "8"]
[White "Vescovi,G"]
[Black "Arencibia,W"]
[Result "1/2-1/2"]
[WhiteElo "2581"]
[BlackElo "2548"]

1.e4 c5 2.Nf3 d6 3.Bb5+ Nd7 4.d4 Nf6 5.Nc3 cxd4 6.Qxd4 e5 7.Qd3 h6 8.Nd2 Be7
9.Nc4 O-O 10.Bxd7 Bxd7 11.Ne3 Qc8 12.O-O Be6 13.b3 Qc5 14.Ncd5 Nxd5  1/2-1/2

[Event "I American Continental"]
[Site "Cali COL"]
[Date "2001.08.18"]
[Round "9"]
[White "Leitao,R"]
[Black "Ricaurte Lopez,J"]
[Result "1-0"]
[WhiteElo "2571"]
[BlackElo "2353"]

1.e4 c5 2.Nf3 d6 3.Bb5+ Bd7 4.Bxd7+ Qxd7 5.c4 g6 6.Nc3 Bg7 7.d4 Nc6 8.d5 Bxc3+
9.bxc3 Na5 10.Nd2 f6 11.O-O O-O-O 12.f4 h5 13.Rb1 b6 14.e5 Nh6 15.e6 Qb7
16.Qa4 g5 17.fxg5 fxg5 18.Ne4 Ng4 19.Nxg5 Ne5 20.Nf7 Nxf7 21.exf7 Qd7 22.Qxd7+ Kxd7
23.Bh6 Rxh6 24.f8=Q Rxf8 25.Rxf8 Nxc4 26.Ra8 a5 27.Re1 Rh7 28.Re4 b5 29.a4 Nb6
30.Ra7+ Ke8 31.axb5 Nxd5 32.c4 Nf6 33.b6 Kd8 34.Ra8+  1-0

[Event "TCh-Rep. Srpska"]
[Site "Jahorina BIH"]
[Date "2001.08.19"]
[Round "9"]
[White "Gavric,M"]
[Black "Benderac,S"]
[Result "1-0"]
[WhiteElo "2392"]
[BlackElo "2365"]

1.e4 c5 2.Nf3 d6 3.Bb5+ Bd7 4.Bxd7+ Nxd7 5.d4 e6 6.O-O Ngf6 7.Qe2 cxd4 8.Nxd4 a6
9.c4 Qa5 10.Rd1 Rc8 11.b3 Be7 12.Bb2 Qg5 13.Nc3 Nh5 14.Bc1 Qe5 15.g3 Nhf6
16.f4 Qc5 17.Be3 Qc7 18.Rac1 h5 19.f5 e5 20.Nf3 Qc6 21.Bg5 O-O 22.Kg2 Rce8
23.Bxf6 Nxf6 24.Nd5 Nxd5 25.Rxd5 b5 26.Qd3 bxc4 27.Rxc4 Qb7 28.Qc2 Rc8 29.Nd2 a5
30.Rxa5 g6 31.fxg6 fxg6 32.Rxc8 Rxc8 33.Nc4 Rf8 34.Qe2 Qd7 35.Rd5 Qe6 36.h4 Bxh4
37.Rxd6 Qc8 38.Rxg6+  1-0

[Event "Schneider Bohemia Open"]
[Site "Pilsen CZE"]
[Date "2001.08.19"]
[Round "2"]
[White "Chudinovskikh,A"]
[Black "Lahner,J"]
[Result "0-1"]
[WhiteElo "2362"]
[BlackElo "2142"]

1.e4 c5 2.Nf3 d6 3.Bb5+ Bd7 4.Bxd7+ Qxd7 5.c4 Nc6 6.d4 cxd4 7.Nxd4 g6 8.Nc3 Bg7
9.Be3 Nf6 10.f3 O-O 11.O-O Rfd8 12.Rc1 Ne8 13.Nb3 b6 14.Qe2 Qb7 15.Rfd1 Rd7
16.h3 Rad8 17.a3 Nf6 18.Rc2 Rc8 19.Nd2 Ne8 20.Nb3 Ne5 21.Nb5 a6 22.N5d4 Rdc7
23.Rdc1 e6 24.a4 d5 25.exd5 exd5 26.c5 Nc4 27.c6 Qa7 28.Bf2 Qa8 29.Bg3 Ned6
30.Qd3 Re7 31.a5 b5 32.Re2 Rce8 33.Rxe7 Rxe7 34.Rc2 Qa7 35.Kh2 Re3 36.Qd1 Qe7
37.Nc5 Bxd4 38.Qxd4 Nf5 39.Qxd5 Nxg3 40.Kxg3 Re5 41.Qd7 Qg5+ 42.Qg4 Rxc5
43.Qxg5 Rxg5+ 44.Kf2 Re5 45.b3 Nd6 46.c7 Nc8 47.Rd2 Kf8 48.Rd8+ Re8 49.Rd7 Na7
50.Rd6 Rc8 51.Rxa6 Rxc7 52.Rb6 Re7 53.Kg3 Ke8 54.Kf4 Kd7 55.Kg5 Kc7 56.Ra6 Nc6
57.g4 Re3 58.h4 Rxf3 59.b4 h5 60.gxh5 Rf5+ 61.Kg4 Rxh5 62.Ra8 Rf5 63.Rf8 Rf1
64.a6 Kb6 65.Ra8 Nxb4 66.a7 Rf5 67.h5 Rxh5 68.Rf8 Kxa7 69.Rxf7+ Kb6 70.Rf6+ Ka5
71.Rxg6 Re5 72.Kf4 Re8 73.Rg1 Nd5+ 74.Kf5 b4 75.Ra1+ Kb5 76.Rb1 Nc3  0-1

[Event "Ron Banwell Masters"]
[Site "London ENG"]
[Date "2001.08.22"]
[Round "5"]
[White "Thiruchelvam,M"]
[Black "Gormally,D"]
[Result "0-1"]
[WhiteElo "2240"]
[BlackElo "2481"]

1.e4 c5 2.Nf3 d6 3.Bb5+ Nc6 4.d4 cxd4 5.Qxd4 Bd7 6.Bxc6 Bxc6 7.Nc3 e6 8.Bg5 Nf6
9.O-O-O Be7 10.Qd3 Qa5 11.h4 O-O 12.Nd4 Rfc8 13.Nb3 Qc7 14.Bf4 b5 15.f3 b4
16.Nb1 Bb5 17.Qd2 e5 18.Bg5 a5 19.Na1 Ra6 20.c3 Rc6 21.Nc2 Bc4 22.a3 bxc3
23.Nxc3 Bb3 24.Bxf6 Bxf6 25.Rde1 Qb6 26.g4 Be6 27.Ne3 Rxc3+ 28.bxc3 Qb3 29.Nd1 Qxa3+
30.Qb2 Qc5 31.Kd2 d5 32.g5 Be7 33.Ne3 dxe4 34.fxe4 Qc6 35.Qc2 a4 36.Ra1 Bb3
37.Nf5 Rd8+ 38.Kc1 Bf8 39.Qe2 Qxc3+ 40.Kb1 Rd2  0-1

[Event "Schneider Bohemia Open"]
[Site "Pilsen CZE"]
[Date "2001.08.22"]
[Round "5"]
[White "Novak,Pa"]
[Black "Porat,I"]
[Result "1-0"]
[WhiteElo "2237"]
[BlackElo "2013"]

1.e4 c5 2.Nf3 d6 3.Bb5+ Bd7 4.Bxd7+ Qxd7 5.O-O Nc6 6.c3 Nf6 7.d4 Nxe4 8.d5 Ne5
9.Nxe5 dxe5 10.Re1 Nf6 11.Rxe5 e6 12.c4 O-O-O 13.Nc3 Bd6 14.Re1 exd5 15.Nxd5 Qf5
16.Be3 h5 17.Qa4 h4 18.h3 g5 19.Qxa7 Nxd5 20.cxd5 g4 21.Rac1 Rhe8 22.Rxc5+ Bxc5
23.Qxc5+ Kb8 24.Qa7+ Kc7 25.Qb6+ Kd7 26.Qxb7+ Kd6 27.Qc6+ Ke5 28.Bg5+ Kd4
29.Bf6+  1-0

[Event "Rubinstein Open"]
[Site "Polanica Zdroj POL"]
[Date "2001.08.23"]
[Round "8"]
[White "Miroshnichenko,E"]
[Black "Zhigalko,A"]
[Result "1-0"]
[WhiteElo "2539"]
[BlackElo "2400"]

1.e4 c5 2.Nf3 d6 3.Bb5+ Nd7 4.c3 Nf6 5.Qe2 a6 6.Ba4 e5 7.O-O Be7 8.d4 O-O
9.dxe5 dxe5 10.c4 b5 11.cxb5 Qa5 12.Nc3 Rb8 13.Bd2 Bb7 14.Bc2 axb5 15.Nxb5 Qa8
16.Bg5 Bd8 17.Bxf6 Nxf6 18.Nd6 Ba6 19.Bd3 Bxd3 20.Qxd3 Rxb2  1-0

[Event "Schneider Bohemia Open"]
[Site "Pilsen CZE"]
[Date "2001.08.24"]
[Round "7"]
[White "Havranek,M"]
[Black "Vladyka,V"]
[Result "1/2-1/2"]
[WhiteElo "2210"]
[BlackElo "2057"]

1.e4 c5 2.Nf3 d6 3.Bb5+ Bd7 4.a4 a6 5.Bxd7+ Qxd7 6.O-O Nc6 7.c3 g6 8.d4 cxd4
9.cxd4 Bg7 10.Nc3 Nf6 11.Bg5 O-O 12.Re1 e5 13.Bxf6 Bxf6 14.Nd5 Qd8 15.Nxf6+ Qxf6
16.d5 Ne7 17.Ra3 Rac8 18.Rb3 Rc7 19.h4 Rfc8 20.Qd2 Kg7 21.Qe3 Ng8 22.Rb6 Qe7
23.g3 Rc2 24.Qb3 R8c7 25.Rxb7 Rxb2 26.Qxb2 Rxb7 27.Qc3 Qd7 28.Qc4 a5 29.Qa6 Qc7
30.Kg2  1/2-1/2

[Event "WJun Women"]
[Site "Athens GRE"]
[Date "2001.08.26"]
[Round "10"]
[White "Zhao Xue"]
[Black "Gu Xiaobing"]
[Result "1-0"]
[WhiteElo "2372"]
[BlackElo "2300"]

1.e4 c5 2.Nf3 d6 3.Bb5+ Nc6 4.d4 cxd4 5.Qxd4 Bd7 6.Bxc6 Bxc6 7.Nc3 Nf6 8.Bg5 e6
9.O-O-O Be7 10.Rhe1 O-O 11.Qd2 Qc7 12.Nd4 Rfd8 13.f3 b5 14.g4 Rac8 15.Kb1 b4
16.Nce2 Ba4 17.Rc1 Qa5 18.h4 Rc5 19.Ng3 Rdc8 20.Nh5 Qd8 21.Bxf6 Bxf6 22.Nxf6+ Qxf6
23.g5 Qd8 24.Qxb4 Rc4 25.Qd2 Qb6 26.Red1 g6 27.h5 gxh5 28.Nb3 Qc7 29.Rh1 d5
30.exd5 Rd8 31.Rxh5 Rxd5 32.Qe3 a5 33.c3 Qf4 34.Qe2 Bxb3 35.axb3 Rcc5 36.Rg1 Rf5
37.Rd1 Qxf3 38.Rd8+ Kg7 39.Rxh7+ Kg6 40.Qh2 Rxg5 41.Qh6+  1-0

[Event "WJun Women"]
[Site "Athens GRE"]
[Date "2001.08.28"]
[Round "12"]
[White "Kosintseva,T"]
[Black "Gu Xiaobing"]
[Result "0-1"]
[WhiteElo "2390"]
[BlackElo "2300"]

1.e4 c5 2.Nf3 d6 3.Bb5+ Nc6 4.Bxc6+ bxc6 5.O-O Nf6 6.d3 e5 7.Nbd2 Be7 8.c3 O-O
9.Qc2 Bd7 10.b3 Rc8 11.Bb2 Nh5 12.Rfe1 Nf4 13.d4 cxd4 14.cxd4 exd4 15.Bxd4 Bg4
16.Be3 Ne6 17.h3 Bh5 18.Nd4 Bf6 19.Nxe6 fxe6 20.Rac1 c5 21.Qd3 Be7 22.Nf1 d5
23.exd5 exd5 24.Ng3 Bg6 25.Qb5 d4 26.Bxd4 Qxd4 27.Rxe7 Qxf2+ 28.Kh2 Rf3 29.Qc4+ Kf8
30.Nh1 Rxh3+ 31.Kxh3 Bf5+ 32.g4 Qf3+ 33.Ng3 Kxe7 34.Re1+ Kd7 35.Qa6 Bd3 36.Qxa7+ Rc7
37.Qa4+ Qc6 38.Qa5 Qh6+ 39.Kg2 Qc6+ 40.Kh2 Kc8 41.Rd1 Rd7 42.Qc3 Qh6+ 43.Nh5 Qe3
44.Qd2 Qe5+ 45.Ng3 Bf5 46.Qc1 Bxg4 47.Re1 Qd6 48.Re8+ Kc7 49.Qe1 Qh6+ 50.Kg2 Rd2+
51.Ne2 Qc6+ 52.Kf2 Rxe2+ 53.Rxe2 Qf3+ 54.Kg1 Qxe2 55.Qa5+ Kd6 56.Qb6+ Kd5
57.Qb7+ Ke6 58.Qc6+ Kf7 59.Qxc5 Bh3 60.Qd5+ Kg6 61.a4 Be6 62.Qc6 Qe3+ 63.Kh2 Qe5+
64.Kg1 Qd4+ 65.Kh2 Qb2+ 66.Kg1 Qxb3 67.a5 Qc4 68.Qb6 Kh5 69.a6 Bd5 70.a7 Qe2  0-1

[Event "Schwarzach Open A"]
[Site "Salzburg AUT"]
[Date "2001.08.28"]
[Round "4"]
[White "Loef,D"]
[Black "Danner,G"]
[Result "0-1"]
[WhiteElo "2195"]
[BlackElo "2421"]

1.e4 c5 2.Nf3 d6 3.Bb5+ Nc6 4.O-O Bd7 5.Re1 a6 6.Bf1 Bg4 7.h3 Bh5 8.c3 e6
9.g4 Bg6 10.d4 e5 11.dxe5 dxe5 12.Qxd8+ Rxd8 13.Nh4 Nf6 14.Nd2 Be7 15.a4 O-O
16.Ng2 Na5 17.f3 Nd7 18.Nc4 Nb3 19.Rb1 Rb8 20.Rd1 Rfd8 21.a5 f6 22.Nge3 Nf8
23.Bd3 Nxc1 24.Rbxc1 Bf7 25.Nf5 Ng6 26.Nce3 Bf8 27.Bc4 Nf4 28.Bf1 g6 29.Ng3 Bb3
30.Rxd8 Rxd8 31.h4 Bh6 32.Re1 Rd2 33.Nc4 Bxc4 34.Bxc4+ Kf8 35.Ne2 Rxb2 36.Nxf4 Bxf4
37.Rd1 Bd2 38.Kf1 Ke7 39.Bg8 h6 40.Bh7 Bxc3 41.Rd5 Bb4  0-1

[Event "1st Open"]
[Site "St-Chely d'Aubrac FRA"]
[Date "2001.08.28"]
[Round "4"]
[White "Lagunes,J"]
[Black "Chevrier,T"]
[Result "0-1"]
[WhiteElo "2156"]
[BlackElo "2159"]

1.e4 c5 2.Nf3 d6 3.Bb5+ Nc6 4.d4 cxd4 5.Qxd4 Bd7 6.Bxc6 Bxc6 7.Nc3 Nf6 8.O-O g6
9.Bg5 Bg7 10.h3 O-O 11.Qe3 Qb6 12.Qxb6 axb6 13.Rfe1 h6 14.Bxf6 Bxf6 15.Nd5 Bxd5
16.exd5 Bxb2 17.Rab1 Bf6 18.Rxb6 Rxa2 19.Rxb7 Rxc2 20.Rd1 Ra8 21.Ne1 Rc5
22.Rb3 Ra1 23.Rbd3 Rcc1 24.Rxc1 Rxc1 25.Kf1 Bc3 26.Re3 Rxe1+ 27.Rxe1 Bxe1
28.Kxe1 Kg7 29.Ke2 Kf6 30.f4 e6 31.Ke3 exd5 32.g4 Ke6 33.Kd4 f5  0-1

[Event "1st Open"]
[Site "St-Chely d'Aubrac FRA"]
[Date "2001.08.29"]
[Round "6"]
[White "Lagunes,J"]
[Black "Verat,L"]
[Result "1/2-1/2"]
[WhiteElo "2156"]
[BlackElo "2319"]

1.e4 c5 2.Nf3 d6 3.Bb5+ Bd7 4.Bxd7+ Qxd7 5.c4 f5 6.d3 fxe4 7.dxe4 Nf6 8.Nc3 g6
9.Bg5 Bg7 10.Qd2 Nc6 11.Rd1 O-O 12.Bxf6 Bxf6 13.Qd5+ Kh8 14.e5 Bg7 15.O-O Qg4
16.exd6 exd6 17.h3 Qf4 18.Ne2 Qf6 19.b3 Rad8 20.Ng3 Qf4 21.Qe4 Qxe4 22.Nxe4 Nd4
23.Nxd4 Bxd4 24.Ng5 Rde8 25.Nf3 Rf4 26.Nxd4 cxd4 27.g3 Rfe4 28.Rd2 Kg7 29.Rfd1 Kf6
30.Rxd4 Rxd4 31.Rxd4 Re1+ 32.Kg2 Re2 33.Rxd6+ Ke7 34.Rd8 Rxa2 35.h4 a5 36.Rd5 a4
37.Rb5 a3 38.Rxb7+ Kd6 39.Ra7 Kc5 40.Ra4 Kd4 41.c5+ Kxc5 42.g4 Ra1 43.Kg3 a2
44.Kf4 Rb1 45.Rxa2 Rxb3 46.h5 gxh5 47.Ra5+ Kd6 48.Rxh5 Rb7 49.Rh6+ Kd5 50.Kf5 Rf7+
51.Rf6 Rxf6+ 52.Kxf6 Ke4 53.g5 Kf4 54.Ke6 Kxg5 55.Ke5 Kg6 56.Ke6 Kg5  1/2-1/2

[Event "21st Open"]
[Site "Bratto ITA"]
[Date "2001.08.30"]
[Round "9"]
[White "Ferrari,N"]
[Black "Battaggia,P"]
[Result "1-0"]
[WhiteElo "2163"]
[BlackElo "2114"]

1.e4 c5 2.Nf3 d6 3.Bb5+ Bd7 4.Bxd7+ Qxd7 5.O-O Nc6 6.b3 Nf6 7.Re1 g6 8.c3 Bg7
9.Bb2 O-O 10.d4 cxd4 11.cxd4 d5 12.e5 Ne4 13.Nbd2 Nxd2 14.Qxd2 Rac8 15.Nh4 f5
16.Ba3 Rc7 17.Qf4 Nd8 18.e6 Qc8 19.Nf3 Rf6 20.Qe5 Rxe6 21.Qxd5 Qd7 22.Qxd7 Rxd7
23.Kf1 Ra6 24.Rxe7 Rxe7 25.Bxe7 Nc6 26.Bc5 b6 27.Bd6 Nxd4 28.Nxd4 Bxd4 29.Rd1 Bc5
30.a4 Ra5 31.b4  1-0

[Event "EYCC B18"]
[Site "Halkidiki GRE"]
[Date "2001.08.31"]
[Round "1"]
[White "Tsiamis,K"]
[Black "Lupulescu,C"]
[Result "0-1"]
[WhiteElo "2217"]
[BlackElo "2465"]

1.e4 c5 2.Nf3 d6 3.Bb5+ Bd7 4.Bxd7+ Qxd7 5.O-O Nc6 6.b3 Nf6 7.Qe2 g6 8.Bb2 Bg7
9.d3 O-O 10.c4 e6 11.Nbd2 e5 12.Ne1 Nh5 13.g3 f5 14.exf5 Rxf5 15.Ng2 Nd4
16.Qd1 Rf7 17.Ne3 Bh6 18.Bxd4 cxd4 19.Nd5 Raf8 20.Qe2 Bxd2 21.Qxd2 Nf6 22.Nxf6+ Rxf6
23.Rae1 Rf3 24.Re4 Qf5 25.Qe2 b6 26.Kg2 h5 27.h3 h4 28.g4 Qf6 29.b4 Kg7 30.a3 Rf7
31.a4 Kh7 32.a5 bxa5 33.bxa5 a6 34.c5 dxc5 35.Rxe5 c4 36.g5 Qf4 37.Re4 cxd3
38.Rxf4 dxe2  0-1

[Event "ADCF Masters"]
[Site "Abu Dhabi UAE"]
[Date "2001.09.02"]
[Round "8"]
[White "Zagrebelny,S"]
[Black "Kotsur,P"]
[Result "1/2-1/2"]
[WhiteElo "2466"]
[BlackElo "2600"]

1.e4 c5 2.Nf3 d6 3.Bb5+ Nd7 4.d4 Nf6 5.Nc3 cxd4 6.Qxd4 h6 7.Be3 e5 8.Qd3 Be7
9.O-O O-O 10.Bc4 a6 11.a4 Re8  1/2-1/2

[Event "EYCC B16"]
[Site "Halkidiki GRE"]
[Date "2001.09.02"]
[Round "3"]
[White "Dalaklis,G"]
[Black "Rau,H"]
[Result "0-1"]
[WhiteElo "2047"]
[BlackElo "2281"]

1.e4 c5 2.Nf3 d6 3.Bb5+ Nc6 4.O-O Bd7 5.Re1 g6 6.c3 Bg7 7.d4 Qb6 8.Bxc6 bxc6
9.Na3 cxd4 10.cxd4 Nf6 11.e5 dxe5 12.dxe5 Nd5 13.Nc4 Qb5 14.Ne3 O-O 15.a4 Qb7
16.Nxd5 cxd5 17.Be3 e6 18.Qd2 Rab8 19.b4 Rfc8 20.b5 Bf8 21.Bh6 Bc5 22.Qf4 Be7
23.Ng5 Be8 24.Re3 Rc4 25.Qg3 Rbc8 26.h4 d4 27.Rf3 Qd5 28.Nxf7 Rc3 29.Nd6 Bxd6
30.exd6 Rxf3 31.Qxf3 Qxf3 32.gxf3 Kf7 33.Rb1 e5 34.f4 e4 35.Rb4 d3 36.Rd4 Bd7
37.f3 Rc1+ 38.Kf2 Rc2+ 39.Ke1 exf3 40.Rxd3 Re2+ 41.Kd1 Bg4  0-1